Allgemeinwissen Teil3 - Statistiken

Allgemein
  • Dieses Quiz wurde 2.510 mal gespielt
    147 seit der letzten Aktualisierung
  • Das Durchschnittsergebnis liegt bei 8 aus 15
Antwortstatistiken
Hint Antwort % Korrekt
Was ist das Ergebnis von 7*8? 56
96%
Hauptstadt von Bayern München
88%
Erster Planet im Sonnensystem Merkur
77%
Hauptstadt von Indien Neu-Delhi
76%
Hauptstadt von China Peking
76%
Jüdischer Gotteshaus Synagoge
72%
Wurzel von 169 13
71%
Welches Videospiel ist bekannt für Kreativmodus, Überlebensmodus und Blöcke in einer offenen Welt? Minecraft
71%
Hauptstadt von Baden-Württemberg Stuttgart
69%
Ordnungszahl von Eisen 26
34%
Ordnungszahl von Gold 79
29%
Wofür steht die Abkürzung CPU? Central Processing Unit
8%
Wann endete der 1. Weltkrieg 11.11.1918
6%
Wofür steht die Abkürzung ROM? Read Only Memory
5%
Wie lauten die ersten 6 führende Ziffern von phi? 1,61803
3%
Keine übereinstimmenden Quizze gefunden
Verteilung der Resultate
Anzahl Personen mit jedem Resultat
Perzentil nach korrekt beantworteten Fragen
Ihre Resultats-Entwicklung
Sie haben dieses Quiz seit der letzten Aktualisierung nicht gespielt